Online
Catalog

Modificación de la conducta / : (Record no. 20458)

MARC details
000 -CABECERA
campo de control de longitud fija 00964nam a2200265 a 4500
001 - NÚMERO DE CONTROL
campo de control 000020955
005 - FECHA Y HORA DE LA ÚLTIMA TRANSACCIÓN
campo de control 20260114102846.0
008 - DATOS DE LONGITUD FIJA--INFORMACIÓN GENERAL
campo de control de longitud fija 100824s1975 mx r 001 0 spa d
040 ## - FUENTE DE LA CATALOGACIÓN
Centro catalogador/agencia de origen DO-SdBNP
Lengua de catalogación spa
Centro/agencia transcriptor BNPHU
041 17 - CÓDIGO DE LENGUA
Código de lengua del texto/banda sonora o título independiente spa
Código de lengua original eng
Fuente del código Código de idioma MARC
082 ## - NÚMERO DE LA CLASIFICACIÓN DECIMAL DEWEY
Número de clasificación 150
Número de documento/Ítem H656m
049 ## - FONDOS LOCALES (OCLC)
Fondos de biblioteca BNGR
100 1# - ENTRADA PRINCIPAL--NOMBRE DE PERSONA
Nombre de persona Hilts, Philip J.,
9 (RLIN) 43888
240 10 - TÍTULO UNIFORME
Título uniforme Behavior mod.
Lenguaje de la obra Español.
245 10 - MENCIÓN DE TÍTULO
Título Modificación de la conducta / :
Resto del título Philip J. Hilts ; traducción por Antonio Ribera y José Manuel Balaguer.
260 ## - PUBLICACIÓN, DISTRIBUCIÓN, ETC.
Lugar de publicación, distribución, etc. México :
Nombre del editor, distribuidor, etc. Logos Consorcio,
Fecha de publicación, distribución, etc. 1975.
300 ## - DESCRIPCIÓN FÍSICA
Extensión 209 p. ;
Dimensiones 23 cm.
504 ## - NOTA DE BIBLIOGRAFÍA, ETC.
Nota de bibliografía, etc. Incluye referencias bibliográficas y notas al pie de las páginas.
534 ## - NOTA SOBRE LA VERSIÓN ORIGINAL
Frase introductoria Título original en inglés:
Mención de título del original Behavior mod.
Publicación, distribución, etc. del original New York : Harper & Row, 1974
500 ## - NOTA GENERAL
Nota general Incluye índice
650 #0 - PUNTO DE ACCESO ADICIONAL DE MATERIA--TÉRMINO DE MATERIA
Término de materia o nombre geográfico como elemento de entrada Psicología
9 (RLIN) 152
650 #0 - PUNTO DE ACCESO ADICIONAL DE MATERIA--TÉRMINO DE MATERIA
Término de materia o nombre geográfico como elemento de entrada Conducta (Psicología)
9 (RLIN) 673
700 1# - PUNTO DE ACCESO ADICIONAL--NOMBRE DE PERSONA
Nombre de persona Ribera, Antonio,
Término indicativo de función/relación tr.
9 (RLIN) 12503
700 1# - PUNTO DE ACCESO ADICIONAL--NOMBRE DE PERSONA
Nombre de persona Balaguer, José Manuel,
Término indicativo de función/relación tr.
9 (RLIN) 10618

No items available.

Powered by Koha